Taylor Swift - Track 5 - Statistiques

Statistiques générales
  • Ce quiz a été pris 376 fois
    78 depuis la dernière actualisation
  • Le résultat moyen est 10 sur 12
Statistiques - réponses
Albums Chansons % Correct
The Tortured Poets Department So Long, London
92%
The Life of a Showgirl Eldest Daughter
90%
Lover The Archer
90%
Red All Too Well
84%
Reputation Delicate
84%
folklore my tears ricochet
83%
Midnights You're On Your Own, Kid
83%
evermore tolerate it
76%
Speak Now Dear John
75%
Fearless White Horse
71%
1989 All You Had To Do Was Stay
70%
Taylor Swift Cold as You
63%
Aucun quiz correspondant
Distribution des résultats
% des personnes avec chaque résultat
Percentile par nombre de réponses
Votre historique - résultats
Vous n’avez pas pris ce quiz depuis la dernière actualisation